LEADER 01201nam--2200397---450- 001 990000454010203316 005 20050509112745.0 010 $a88-215-2325-X 035 $a0045401 035 $aUSA010045401 035 $a(ALEPH)000045401USA01 035 $a0045401 100 $a20010518d1991----km-y0itay0103----ba 101 $aita 102 $aIT 105 $a||||||||001yy 200 1 $a<> riforma ospedaliera$eregole e documenti$fs. Camillo de Lellis$ga cura di Domenico Casera 210 $aCinisello Balsamo$cEdizioni paoline$d1991 215 $a129 p.$d21 cm 225 2 $aStoria della chiesa$iFonti$v4 410 $12001$aStoria della chiesa$iFonti$v4 461 1$1001-------$12001 676 $a248.86 700 1$aCamillo: De Lellis $0545160 702 1$aCASERA,$bDomenico 801 0$aIT$bsalbc$gISBD 912 $a990000454010203316 951 $aII 2 1234(XIV 282)$b109576 LM$cXIV 959 $aBK 969 $aUMA 979 $aPATTY$b90$c20010518$lUSA01$h1149 979 $c20020403$lUSA01$h1654 979 $aPATRY$b90$c20040406$lUSA01$h1631 979 $aCOPAT6$b90$c20050509$lUSA01$h1127 996 $aRiforma ospedaliera$9889921 997 $aUNISA LEADER 02656nam 22005892 450 001 9910462303203321 005 20160422093005.0 010 $a1-283-70505-2 010 $a0-85728-578-5 035 $a(CKB)2670000000269678 035 $a(EBL)1048951 035 $a(OCoLC)816549872 035 $a(SSID)ssj0000797607 035 $a(PQKBManifestationID)11435317 035 $a(PQKBTitleCode)TC0000797607 035 $a(PQKBWorkID)10805865 035 $a(PQKB)11331789 035 $a(UkCbUP)CR9780857285782 035 $a(MiAaPQ)EBC1048951 035 $a(Au-PeEL)EBL1048951 035 $a(CaPaEBR)ebr10615137 035 $a(CaONFJC)MIL401755 035 $a(EXLCZ)992670000000269678 100 $a20121019d2012|||| uy| 0 101 0 $aeng 135 $aur||||||||||| 181 $ctxt$2rdacontent 182 $cc$2rdamedia 183 $acr$2rdacarrier 200 10$aStudies in Hindu law and Dharmas?a?stra /$fLudo Rocher ; edited with an introduction by Donald R. Davis, Jr$b[electronic resource] 210 1$aLondon :$cAnthem Press,$d2012. 215 $a1 online resource (759 pages) $cdigital, PDF file(s) 225 0$aAnthem South Asian normative traditions studies 300 $aTitle from publisher's bibliographic system (viewed on 02 Oct 2015). 311 $a0-85728-550-5 320 $aIncludes bibliographical references (p. [719]-744) and index. 327 $aThe nature of Hindu law -- General topics of Hindu law -- Hindu legal procedure -- Technical studies of Hindu law -- Anglo-Hindu and customary law. 330 $aThe main sources for an understanding of classical Hindu law are the Sanskrit treatises on religious and legal duties, known as the Dharmasastras. In this collection of his major studies in the field, Ludo Rocher presents essays on a wide range of topics, from general themes such as the nature of Hindu law to technical matters including word studies and text criticism. Rocher's deep engagement with the language and worldview of the authors in the Dharmasastra tradition yields distinctive and corrective contributions to the field. This collection serves as an invaluable introduction to a leading authority in the field of Indology. 517 3 $aStudies in Hindu Law & Dharmasastra 606 $aHindu law 606 $aDharma 615 0$aHindu law. 615 0$aDharma. 676 $a349.54 700 $aRocher$b Ludo$0642145 702 $aDavis$b Donald R$g(Donald Richard),$f1970- 801 0$bUkCbUP 801 1$bUkCbUP 906 $aBOOK 912 $a9910462303203321 996 $aStudies in Hindu law and Dharma??stra$91326654 997 $aUNINA LEADER 01541nam 2200445 a 450 001 9910693740603321 005 20031201135959.0 035 $a(CKB)4970000000028469 035 $a(OCoLC)53809341 035 9 $aocm53809341 035 $a(OCoLC)994970000000028469 035 $a(EXLCZ)994970000000028469 100 $a20031201d2003 ua 0 101 0 $aeng 135 $aurmn|||||| 181 $ctxt$2rdacontent 182 $cc$2rdamedia 183 $acr$2rdacarrier 200 10$aFederal Deposit Insurance Act$b[electronic resource] $eFTC best among candidates to enforce consumer protection provisions 210 1$a[Washington, D.C.] :$cU.S. General Accounting Office,$d[2003] 300 $aTitle from title screen (viewed on Nov. 28, 2003). 300 $a"August 2003." 300 $aPaper version available from: General Accounting Office, 441 G St., NW, Rm. LM, Washington, D.C. 20548. 300 $a"GAO-03-971." 320 $aIncludes bibliographical references. 517 $aFederal Deposit Insurance 517 $aFederal Deposit Insurance Act 606 $aDeposit insurance$zUnited States 606 $aConsumer protection$zUnited States 606 $aCredit unions$zUnited States 615 0$aDeposit insurance 615 0$aConsumer protection 615 0$aCredit unions 712 02$aUnited States.$bFederal Trade Commission. 801 0$bGPO 801 1$bGPO 906 $aDOCUMENT 912 $a9910693740603321 996 $aFederal Deposit Insurance Act$93427708 997 $aUNINA